Movies Quiz

Random Movies or Marvel Quiz

Marvel movies Quiz Stats

 Plays Quiz not verified by Sporcle

Also try: Movies by Prank
Challenge
Share
Tweet
Embed
Score 0/15 Timer 10:00
0 Plays Today
Year produced Movie % Correct
2002, 2004 and 2007Spider Man
93.7%
2000, 2003, 2006, 2009 and 2011X Men
91.3%
2008 and 2010Iron Man
91.3%
2003 and 2008Hulk
89.1%
1944, 1990 and 2011Captain America
82%
2011Thor
81.6%
2012Avengers
80.1%
1994, 2005 and 2007Fantastic Four
79.1%
Year produced Movie % Correct
2003Daredevil
74.3%
1989, 2004 and 2008Punisher
66.7%
2005Elektra
64.1%
1998, 2002 and 2004Blade
61.4%
2007Ghost Rider
54.9%
1986Howard the Duck
31.1%
2005Man Thing
13.3%

You're not logged in!

Compare scores with friends on all Sporcle quizzes.
OR
Log In

You Might Also Like...

Show Comments

Extras

Created May 9, 2010ReportNominate
Tags:Marvel Quiz, ever, produced

Top Quizzes Today


Score Distribution

Your Account Isn't Verified!

In order to create a playlist on Sporcle, you need to verify the email address you used during registration. Go to your Sporcle Settings to finish the process.

Report this User

Report this user for behavior that violates our Community Guidelines.

Details: